Biggest Cities in Delaware A-Z - Statistics

General Stats
  • This quiz has been taken 24 times
  • The average score is 7 of 18
Answer Stats
Letter Population Answer % Correct
D 38,992 Dover
100%
W 70,750 Wilmington
89%
N 31,155 Newark
68%
M 24,164 Middletown
58%
S 13,149 Smyrna
58%
R 1,151 Rehoboth Beach
53%
G 7,413 Georgetown
42%
H 3,777 Harrington
42%
L 4,038 Laurel
37%
B 2,667 Bridgeville
26%
E 6,157 Elsmere
26%
F 1,323 Felton
26%
C 4,248 Camden
21%
T 2,788 Townsend
21%
K 214 Kenton
16%
V 139 Viola
16%
A 428 Arden
11%
O 2,752 Ocean View
11%
No matching quizzes found
Score Distribution
Percent of People with Each Score
Percentile by Number Answered
Your Score History
You have not taken this quiz